00554nam a2200121Ia 4500008004100000050002000041100003800061245005400099260002900153300003500182505017800217650003700395120626s2008 mx a 000 0 spa d aBJ68 bE77 2008 aEstrada Díaz, Verónicaeautor aPensemos en ética c/ Verónica Estrada Díaz aMexico b: s/ed.c, 2008 a209 páginasb: ilustraciones aI. Conceptos de filosofía y de ética II. Esencia de la moral III. La libertad IV. Axiología V. Aplicación de la moral VI. Problemas morales específicos  0aÉTICA - ESTUDIO Y ENSEÑANZA.